[Event "JPN-ch"]
[Site "Tokyo"]
[Date "2018.05.05"]
[Round "11"]
[White "Kojima, Natsumi"]
[Black "Takeno, Yuki"]
[Result "1-0"]
[WhiteElo "1635"]
[BlackElo "1352"]
[PlyCount "81"]
[EventDate "2018.04.29"]
[EventType "swiss"]
[EventRounds "11"]
[EventCountry "JPN"]
[SourceTitle "CBM 184 Extra"]
[Source "ChessBase"]
[SourceDate "2018.06.28"]
[SourceVersion "1"]
[SourceVersionDate "2018.06.28"]
[SourceQuality "1"]

1. e4 c5 2. Nf3 Nc6 3. d4 cxd4 4. Nxd4 e5 5. Nb5 d6 6. c4 a6 7. N5c3 Nf6 8. Be2 Be7 9. 0-0 0-0 10. Bg5 Be6 11. b3 h6 12. Bxf6 Bxf6 13. Bg4 Qd7 14. Bxe6 Qxe6 15. Nd5 Rad8 16. Nbc3 Nd4 17. Qh5 Bg5 18. Qd1 f5 19. f4 Bf6 20. Qd3 Kh8 21. Rae1 Bh4 22. g3 fxe4 23. Nxe4 Qg4 24. Kh1 Bf6 25. Nexf6 gxf6 26. f5 Rd7 27. Re4 Qg5 28. Rxd4 exd4 29. Qxd4 Rg7 30. Qe4 Qh5 31. Nf4 Qg4 32. Qe6 Qg5 33. Qxd6 Re8 34. Ne6 Rxe6 35. fxe6 Qe3 36. Qf8+ Kh7 37. Qxf6 Qe4+ 38. Qf3 Qxe6 39. Qf5+ Qxf5 40. Rxf5 Kg6 41. Rd5 1-0

[Event "JPN-ch"]
[Site "Tokyo"]
[Date "2018.05.01"]
[Round "5"]
[White "Takeno, Yuki"]
[Black "Hamane, Kenichi"]
[Result "0-1"]
[WhiteElo "1352"]
[BlackElo "1818"]
[PlyCount "60"]
[EventDate "2018.04.29"]
[EventType "swiss"]
[EventRounds "11"]
[EventCountry "JPN"]
[SourceTitle "CBM 184 Extra"]
[Source "ChessBase"]
[SourceDate "2018.06.28"]
[SourceVersion "1"]
[SourceVersionDate "2018.06.28"]
[SourceQuality "1"]

1. e4 e6 2. Nf3 d6 3. d4 b6 4. Nc3 Bb7 5. Bd3 Nd7 6. 0-0 e5 7. d5 Ngf6 8. h3 Be7 9. Be3 0-0 10. a4 a5 11. Qd2 h6 12. Rfe1 Nh7 13. Ne2 Ng5 14. Nxg5 Bxg5 15. Ng3 Nc5 16. Rf1 Qf6 17. Nf5 Bxd5 18. Bxg5 hxg5 19. Nxd6 cxd6 20. exd5 e4 21. Bc4 Qg6 22. Qe2 f5 23. Qd2 f4 24. Qd1 f3 25. g3 Qf5 26. Kh2 Rf6 27. Rh1 Rh6 28. Kg1 Rxh3 29. Rxh3 Qxh3 30. Qf1 Qh6 0-1